[Event "Olympiad Women-37"]
[Site "Turin"]
[Date "2006.05.31"]
[Round "10"]
[White "Paehtz, Elisabeth"]
[Black "Azarova, Nadezhda"]
[Result "1-0"]
[WhiteElo "2438"]
[BlackElo "2281"]
[PlyCount "75"]
[EventDate "2006.05.21"]
[EventType "team-swiss"]
[EventRounds "13"]
[EventCountry "ITA"]
[SourceTitle "CBM 112 Extra"]
[Source "ChessBase"]
[SourceDate "2006.07.14"]
[SourceVersion "1"]
[SourceVersionDate "2006.07.14"]
[SourceQuality "1"]
[WhiteTeam "Germany (W)"]
[BlackTeam "Belarus (W)"]
[WhiteTeamCountry "GER"]
[BlackTeamCountry "BLR"]

1. e4 c5 2. Nf3 d6 3. d4 Nf6 4. Nc3 cxd4 5. Nxd4 g6 6. Bc4 Bg7 7. h3 0-0 8. Bb3 a6 9. 0-0 b5 10. Re1 Bb7 11. a4 b4 12. Nd5 e6 13. Nxf6+ Qxf6 14. Nf3 Qe7 15. Bf4 Rd8 16. Bg5 Bf6 17. h4 Nd7 18. Qd2 Nc5 19. Qf4 Kg7 20. e5 Bxg5 21. Nxg5 h6 22. exd6 Qf6 23. Qxb4 Rac8 24. Nh3 Rxd6 25. Qf4 Qxf4 26. Nxf4 Nxb3 27. cxb3 Rd2 28. Rad1 Rxb2 29. Rd7 Rxb3 30. Nxe6+ Kf6 31. Nd8 Rxd8 32. Rxd8 Rb6 33. Rb8 a5 34. Rc1 Rb4 35. Rc5 Rb1+ 36. Kh2 Rb4 37. Kg3 h5 38. f3 1-0

[Event "Olympiad Women-37"]
[Site "Turin"]
[Date "2006.05.23"]
[Round "3"]
[White "Koskela, Niina"]
[Black "Azarova, Nadezhda"]
[Result "1/2-1/2"]
[WhiteElo "2249"]
[BlackElo "2281"]
[PlyCount "39"]
[EventDate "2006.05.21"]
[EventType "team-swiss"]
[EventRounds "13"]
[EventCountry "ITA"]
[SourceTitle "CBM 112 Extra"]
[Source "ChessBase"]
[SourceDate "2006.07.14"]
[SourceVersion "1"]
[SourceVersionDate "2006.07.14"]
[SourceQuality "1"]
[WhiteTeam "Finland (W)"]
[BlackTeam "Belarus (W)"]
[WhiteTeamCountry "FIN"]
[BlackTeamCountry "BLR"]

1. e4 c5 2. Nf3 d6 3. d4 cxd4 4. Nxd4 Nf6 5. Nc3 g6 6. Be2 Bg7 7. 0-0 Nc6 8. Nb3 0-0 9. Be3 b6 10. f4 Bb7 11. Bf3 Rc8 12. a4 Nd7 13. Rf2 Nc5 14. Rd2 Nxb3 15. cxb3 Qc7 16. Rc1 Qb8 17. Nd5 Rfe8 18. Bf2 e6 19. Nc3 Nb4 20. Kh1 1/2-1/2